| 000 | 00576nam a22001817a 4500 | ||
|---|---|---|---|
| 005 | 20251108164043.0 | ||
| 008 | 250721s2011 xx 000 0 ara d | ||
| 082 | 1 | 4 | _a306/شوي |
| 100 | 1 | _aالشويات، عامر محمود ابو نامص | |
| 245 | 1 | 0 | _aنمي ثقافتك وأختبر معلوماتك / |
| 264 | 1 |
_aعمان : _bمركز الكتاب الأكاديمي، _c2011. |
|
| 300 | _a252ص. | ||
| 650 | 1 | 7 | _aالاسئلة و الاجوبة |
| 650 | 1 | 7 | _aالذكاء |
| 650 | 1 | 7 | _aالثقافة الجماهيرية |
| 942 |
_2ddc _cBK |
||
| 999 |
_c2443 _d2443 |
||